Cargando...
Fishery Resources of the Exclusive Economic Zone of the Northwest Coast of India
| Main Authors: | , |
|---|---|
| Formato: | Printed Book |
| Publicado: |
Cochi
CMFRI
1982
|
| Series: | CMFRI Bulletin 33
|
| LEADER | 00491nam a22001457a 4500 | ||
|---|---|---|---|
| 082 | |a 639.2 |b BAP/FI | ||
| 100 | |a S.V.Bapt | ||
| 100 | |a V.M.Deshmukh | ||
| 245 | |a Fishery Resources of the Exclusive Economic Zone of the Northwest Coast of India | ||
| 260 | |a Cochi |b CMFRI |c 1982 | ||
| 300 | |a 76p | ||
| 490 | |a CMFRI Bulletin 33 | ||
| 942 | |c BK | ||
| 999 | |c 26326 |d 26326 | ||
| 952 | |0 0 |1 0 |4 0 |6 639_200000000000000_BAP_FI |7 0 |8 REF |9 36976 |a KUFOS |b KUFOS |c CC |d 2018-01-10 |o 639.2 BAP/FI |p KMJ124 |r 2018-01-10 |w 2018-01-10 |y BK | ||